LEADER 01478nam--2200433---450- 001 990002013540203316 005 20110125111057.0 010 $a88-8294-877-3 035 $a000201354 035 $aUSA01000201354 035 $a(ALEPH)000201354USA01 035 $a000201354 100 $a20040917d2005----km-y0enga50------ba 101 $aita 102 $aIT 105 $a||||||||001yy 200 1 $a<> codice civile$eper università e scuole di specializzazione$enormativa complementare in materia di: diritto privato dell'econonmia, banche, consumatori, società, turismo, proprietà industriale e intellettuale$fa cura di Vincenzo Franceschelli, Emilio Tosi 205 $a6. ed 210 $aPiacenza$cLa Tribuna$d2005 215 $a1694 p.$d19 cm 225 2 $a<> codici vigenti 410 0$12001$a<> codici vigenti 606 0 $aCodice civile 676 $a346.45002632 702 1$aFRANCESCHELLI,$bVincenzo 702 1$aTOSI,$bEmilio 710 02$aITALIA$0423419 801 0$aIT$bsalbc$gISBD 912 $a990002013540203316 951 $aXXV.1.A. 340 (CODEX 1069)$b48589 G.$cXXV.1.A. 340 (CODEX)$d00180990 959 $aBK 969 $aGIU 979 $aACQUISTI$b10$c20040917$lUSA01$h1421 979 $aRENATO$b90$c20060102$lUSA01$h1102 979 $aRENATO$b90$c20060123$lUSA01$h0906 979 $aRSIAV4$b90$c20100707$lUSA01$h1500 979 $aCHIARA$b90$c20110125$lUSA01$h1110 996 $aCodice civile$940105 997 $aUNISA LEADER 00894nam0 22002773i 450 001 996312947403316 005 20191127143113.0 010 $a978-88-06-23359-4 100 $a20190507d2019----||||0itac50 ba 101 $aita$cita 102 $aIT 200 1 $a<> meravigliosa solitudine$el'arte di leggere nell'Europa moderna$eBerenson Lectures 2012, Villa I Tatti, Firenze, The Harvard University Center for Italian Renaissance Studies$fLina Bolzoni 210 $aTorino$cEinaudi$d2019 215 $aXXIX, 254 p.$cill.$d24 cm 225 $aSaggi$v987 410 0$aSaggi$v987 606 0 $aLettura$xStoria$2BNCF 676 $a028.9088042 700 1$aBOLZONI,$bLina$0176242 801 0$aIT$bsalbc$gISBD 912 $a996312947403316 951 $aI.2.B. 1299$b271986$cI.2.B.$d00155191 959 $aBK 969 $aUMA 996 $aMeravigliosa solitudine$91567523 997 $aUNISA